Pays avec le plus de morts liés au Covid-19 - Statistiques

Statistiques générales
  • Ce quiz a été pris 134 fois
  • Le résultat moyen est 8 sur 10
Statistiques - réponses
Hint Réponse % Correct
1,219 M Etats-Unis
97%
167 k France
97%
402 k Russie
85%
183 k Allemagne
84%
533 k Inde
83%
196 k Italie
83%
711 k Brésil
80%
334 k Mexique
76%
232 k Royaume-Uni
74%
222 k Pérou
24%
Aucun quiz correspondant
Distribution des résultats
% des personnes avec chaque résultat
Percentile par nombre de réponses
Votre historique - résultats
Vous n’avez pas pris ce quiz